000 01296 a2200229 4500
001 46094
005 20260407155734.0
008 260407a1995 arg spa d
003 AR-UNSa-BCEJYS
040 _aAR-UNSa-BCEJYS
_bspa
_cAR-UNSa-BCEJYS
080 _a330.1
_xCiencia económica. Conceptos fundamentales de teoría económica. Valor. Capital. Fondos
245 1 0 _aPublic economics
020 _a0-521-49769-8
264 1 _aNew York :
_bCambridge University Press
_c1995
300 _axvi, 546 p.
_c25 cm.
505 _aPart I. : Foundations : 1. Introduction – 2. General equilibrium and welfare economics – 3. Topics in measurement - - Part II. : Analysis in the competitive economy : 4. Commodity texation – 5. Income texation – 6. Policy reform – 7. Risk – 8. Corporate texation - - Part III. : Relaxing the assumptions : 9. Public godos – 10. Externalities – 11. Imperfect competition – 12. Tax evasión - - Part IV. : Introducing real time : 13. Overlapping generations economies – 14. Social security – 15. Debt and texation.
041 _aspa
942 _cBK
590 _aniveau_biblio:m niveau_hierar:0
100 1 _aMyles, Gareth D.
856 4 1 _uhttps://www.biblioeco.unsa.edu.ar/pmb/images/libros/L127338.jpg
_yImagen de portada
_qimage/jpeg
999 _c4159
_d4159